[Event "4NCL Division 2c"]
[Site "Telford, ENG"]
[Date "2017.04.30"]
[Round "10.11"]
[White "Rees, Ioan"]
[Black "Lund, D Brett"]
[Result "1-0"]
[WhiteElo "2282"]
[BlackElo "2286"]
[PlyCount "83"]
[EventDate "2017.04.30"]
[WhiteTeam "West is Best 1"]
[BlackTeam "Spirit of Atticus A"]

1. Nf3 d6 2. d4 Bg4 3. g3 Bxf3 4. exf3 Nf6 5. d5 g6 6. Bg2 c6 7. c4 cxd5 8.
cxd5 Bg7 9. O-O O-O 10. Nc3 Nbd7 11. Be3 a6 12. Re1 Re8 13. f4 Rc8 14. Re2 Ng4
15. Bd4 Bxd4 16. Qxd4 Qb6 17. Qd2 f5 18. Rae1 Kf7 19. Bf3 Ngf6 20. Re3 Nf8 21.
h3 h5 22. Kg2 Rc7 23. Bd1 Qa7 24. f3 b5 25. a3 Kg7 26. Bb3 Qb6 27. Ne2 N8d7 28.
Nd4 Nc5 29. Ba2 Kf7 30. Nc6 Kf8 31. Qe2 Qb7 32. b4 Na4 33. Re6 Kf7 34. g4 hxg4
35. hxg4 fxg4 36. fxg4 Nc3 37. Rxf6+ Kxf6 38. Qe6+ Kg7 39. f5 gxf5 40. Nd4 Rh8
41. Nxf5+ Kf8 42. Rf1 1-0

[Event "4NCL Division 2c"]
[Site "Telford, ENG"]
[Date "2017.04.30"]
[Round "10.12"]
[White "Carleton, John J"]
[Black "Rudd, Jack"]
[Result "1-0"]
[WhiteElo "2291"]
[BlackElo "2177"]
[PlyCount "101"]
[EventDate "2017.04.30"]
[WhiteTeam "Spirit of Atticus A"]
[BlackTeam "West is Best 1"]

1. d4 Nf6 2. c4 g6 3. Nc3 Bg7 4. e4 d6 5. f4 O-O 6. Nf3 c5 7. Be2 cxd4 8. Nxd4
Qb6 9. Nc2 Qc6 10. Nd4 Qb6 11. Be3 Ng4 12. Bxg4 Bxg4 13. Qd2 Nc6 14. Ne6 Qxe3+
15. Qxe3 Bxe6 16. Nd5 Rfc8 17. Rd1 Bxb2 18. O-O Bg7 19. c5 Bg4 20. cxd6 Bxd1
21. Rxd1 exd6 22. f5 Rd8 23. f6 Bf8 24. h4 h5 25. g4 hxg4 26. h5 Ne5 27. Kg2
Rac8 28. hxg6 Nxg6 29. Rc1 Rc5 30. Qg5 Rxc1 31. Qxc1 Re8 32. Qb1 b6 33. Kg3 Re5
34. Qc2 b5 35. Qc6 Rxe4 36. Ne7+ Bxe7 37. Qxe4 Bxf6 38. Qxg4 Kg7 39. Qd7 b4 40.
Qxa7 d5 41. Qc5 Be7 42. Qxd5 Bf8 43. Qd4+ Kg8 44. Kf3 f5 45. Qf6 Kh7 46. Qxf5
Kg7 47. Ke4 Be7 48. Kd5 Bf8 49. Ke6 Be7 50. Qf7+ Kh6 51. Qg8 1-0

[Event "4NCL Division 2c"]
[Site "Telford, ENG"]
[Date "2017.04.30"]
[Round "10.13"]
[White "Stephens, John KF"]
[Black "Mitchell, Martin"]
[Result "1/2-1/2"]
[WhiteElo "2125"]
[BlackElo "2220"]
[PlyCount "61"]
[EventDate "2017.04.30"]
[WhiteTeam "West is Best 1"]
[BlackTeam "Spirit of Atticus A"]

1. e4 d6 2. d4 Nf6 3. Nc3 g6 4. Bg5 c6 5. Qd2 Nbd7 6. Nf3 h6 7. Bh4 g5 8. Bg3
Nh5 9. O-O-O b5 10. e5 b4 11. Na4 Qa5 12. b3 Nb6 13. exd6 Nxa4 14. bxa4 Be6 15.
d7+ Bxd7 16. Ne5 Nxg3 17. hxg3 Bg7 18. Nxd7 Kxd7 19. d5 cxd5 20. Bb5+ Kc7 21.
Qxd5 Rad8 22. Qxf7 Bf6 23. Qe6 Qb6 24. Rd7+ Rxd7 25. Qxd7+ Kb8 26. Rd1 Qxf2 27.
Bc6 Qe3+ 28. Kb1 Qb6 29. Be4 a5 30. Qd5 e6 31. Qb5 1/2-1/2

[Event "4NCL Division 2c"]
[Site "Telford, ENG"]
[Date "2017.04.30"]
[Round "10.14"]
[White "House, Glenn L"]
[Black "Edgell, Ben P"]
[Result "1/2-1/2"]
[WhiteElo "2211"]
[BlackElo "2138"]
[PlyCount "50"]
[EventDate "2017.04.30"]
[WhiteTeam "Spirit of Atticus A"]
[BlackTeam "West is Best 1"]

1. g3 Nf6 2. Bg2 d5 3. Nf3 g6 4. O-O Bg7 5. d3 O-O 6. Nc3 d4 7. Nb5 Nc6 8. a4
e5 9. Bg5 Be6 10. Nd2 a6 11. Na3 Qd7 12. Bxf6 Bxf6 13. Nac4 Bd5 14. Bxd5 Qxd5
15. a5 Bg7 16. c3 f5 17. Qb3 Rab8 18. e4 dxe3 19. Nxe3 Qxb3 20. Nxb3 Rfd8 21.
Rfd1 Bf8 22. Kf1 Rd7 23. Ra4 Rbd8 24. Ke2 Kf7 25. Raa1 Kf6 1/2-1/2

[Event "4NCL Division 2c"]
[Site "Telford, ENG"]
[Date "2017.04.30"]
[Round "10.15"]
[White "Bullen, Alex"]
[Black "Ivell, Nicholas W"]
[Result "0-1"]
[WhiteElo "2105"]
[BlackElo "2202"]
[PlyCount "54"]
[EventDate "2017.04.30"]
[WhiteTeam "West is Best 1"]
[BlackTeam "Spirit of Atticus A"]

1. d4 d5 2. Nf3 e6 3. c4 c5 4. cxd5 exd5 5. g3 Nc6 6. Bg2 Nf6 7. O-O Be7 8. Nc3
O-O 9. dxc5 Bxc5 10. a3 a6 11. b4 Be7 12. Bb2 Bg4 13. Rc1 Re8 14. Na4 Qd6 15.
Nc5 Rab8 16. Qb3 Bf8 17. Rfe1 Red8 18. e4 dxe4 19. Ng5 Qd5 20. Qxd5 Nxd5 21.
Nxa6 bxa6 22. Rxc6 a5 23. Rxe4 axb4 24. axb4 Rxb4 25. Rxg4 Rxg4 26. f4 Nxf4 27.
gxf4 Rd2 0-1

[Event "4NCL Division 2c"]
[Site "Telford, ENG"]
[Date "2017.04.30"]
[Round "10.16"]
[White "Jackson, Sheila"]
[Black "Littlejohns, David P"]
[Result "1/2-1/2"]
[WhiteElo "2134"]
[BlackElo "1999"]
[PlyCount "60"]
[EventDate "2017.04.30"]
[WhiteTeam "Spirit of Atticus A"]
[BlackTeam "West is Best 1"]

1. e4 c6 2. d4 d5 3. Nc3 dxe4 4. Nxe4 Bf5 5. Ng3 Bg6 6. Nf3 Nd7 7. h4 h6 8. Bc4
e6 9. Qe2 Ngf6 10. Ne5 Nxe5 11. dxe5 Nd5 12. O-O Be7 13. h5 Bh7 14. Rd1 Qc7 15.
Bxd5 cxd5 16. c3 O-O 17. Rd4 Kh8 18. Bf4 Rac8 19. Re1 Bc5 20. Rdd1 Bb6 21. Qf3
Qc4 22. a3 f6 23. Be3 fxe5 24. Qe2 Qxe2 25. Rxe2 Bxe3 26. Rxe3 e4 27. f3 exf3
28. Rxe6 f2+ 29. Kf1 Rc7 30. Rd2 Rd7 1/2-1/2

[Event "4NCL Division 2c"]
[Site "Telford, ENG"]
[Date "2017.04.30"]
[Round "10.17"]
[White "Hadi, Justin"]
[Black "Latham, David"]
[Result "1/2-1/2"]
[WhiteElo "2022"]
[BlackElo "2102"]
[PlyCount "31"]
[EventDate "2017.04.30"]
[WhiteTeam "West is Best 1"]
[BlackTeam "Spirit of Atticus A"]

1. e4 c6 2. Nc3 d5 3. Nf3 Bg4 4. h3 Bxf3 5. Qxf3 dxe4 6. Nxe4 Nd7 7. Ng5 Nh6 8.
d4 e6 9. Bd3 Nf6 10. Ne4 Nhg8 11. c3 Nxe4 12. Bxe4 Nf6 13. Bc2 Qc7 14. a4 a5
15. O-O Be7 16. Bf4 1/2-1/2

[Event "4NCL Division 2c"]
[Site "Telford, ENG"]
[Date "2017.04.30"]
[Round "10.18"]
[White "Bimpson, Tom"]
[Black "Howell, Oliver W"]
[Result "1-0"]
[WhiteElo "2060"]
[BlackElo "1712"]
[PlyCount "107"]
[EventDate "2017.04.30"]
[WhiteTeam "Spirit of Atticus A"]
[BlackTeam "West is Best 1"]

1. d4 e6 2. Bf4 f5 3. e3 Nf6 4. Bd3 Be7 5. h3 b6 6. Nf3 Bb7 7. Nbd2 d6 8. Qe2
Ne4 9. O-O-O Nd7 10. Rhg1 Ndf6 11. g4 g6 12. gxf5 exf5 13. Ng5 Nxg5 14. Bxg5
Ne4 15. Bf4 Bh4 16. Bg3 Bxg3 17. fxg3 O-O 18. Rdf1 Qe7 19. Bxe4 Bxe4 20. Nxe4
fxe4 21. Qc4+ Kg7 22. d5 Rxf1+ 23. Rxf1 Rf8 24. Qd4+ Kh6 25. Rf4 Rxf4 26. gxf4
Qh4 27. Kd2 Qxh3 28. Qxe4 Qf5 29. Qd4 g5 30. fxg5+ Kxg5 31. c4 Qe5 32. Qxe5+
dxe5 33. b4 Kf5 34. Kd3 e4+ 35. Kd4 h5 36. c5 bxc5+ 37. bxc5 h4 38. c6 h3 39.
d6 h2 40. dxc7 h1=Q 41. c8=Q+ Kf6 42. Qf8+ Kg6 43. Qe8+ Kf6 44. Qe5+ Kf7 45.
Qxe4 Qa1+ 46. Kc5 Qxa2 47. Qc4+ Qxc4+ 48. Kxc4 Ke7 49. Kc5 Kd8 50. Kd6 a5 51.
c7+ Kc8 52. e4 a4 53. e5 a3 54. e6 1-0

[Event "4NCL Division 2c"]
[Site "Telford, ENG"]
[Date "2017.04.30"]
[Round "10.21"]
[White "Graham, David B"]
[Black "Greet, Andrew N"]
[Result "1-0"]
[WhiteElo "2182"]
[BlackElo "2448"]
[PlyCount "83"]
[EventDate "2017.04.30"]
[WhiteTeam "Sussex Martlets 1"]
[BlackTeam "Alba"]

1. e4 c5 2. Nc3 Nc6 3. f4 g6 4. Nf3 Bg7 5. Bc4 e6 6. f5 Nge7 7. fxe6 fxe6 8. d3
d5 9. Bb3 b5 10. O-O c4 11. dxc4 dxc4 12. Qxd8+ Kxd8 13. Nxb5 cxb3 14. axb3 Rb8
15. c4 h6 16. Bf4 e5 17. Be3 Rf8 18. Bxa7 Rb7 19. Bc5 Rf6 20. b4 Bd7 21. Rfd1
Nc8 22. Rd5 Bf8 23. Ra6 Bxc5+ 24. bxc5 Ke7 25. h3 Re6 26. Ra8 N6a7 27. Nxe5
Bxb5 28. cxb5 Rxb5 29. Rd7+ Kf6 30. Ng4+ Kg5 31. Raxa7 Nxa7 32. Rxa7 h5 33. Nh2
Rxb2 34. Nf3+ Kf4 35. Kh2 Rxe4 36. Rf7+ Ke3 37. c6 Rc2 38. Rf6 Rf4 39. Re6+ Kd3
40. Ne1+ Kd2 41. Nxc2 Kxc2 42. Rxg6 1-0

[Event "4NCL Division 2c"]
[Site "Telford, ENG"]
[Date "2017.04.30"]
[Round "10.22"]
[White "Sreeves, Clement"]
[Black "Miller, Dominic"]
[Result "1-0"]
[WhiteElo "2396"]
[BlackElo "2062"]
[PlyCount "65"]
[EventDate "2017.04.30"]
[WhiteTeam "Alba"]
[BlackTeam "Sussex Martlets 1"]

1. e4 e6 2. d4 d5 3. Nc3 Bb4 4. e5 c5 5. a3 Bxc3+ 6. bxc3 Ne7 7. Qg4 cxd4 8.
Bd3 Qa5 9. Ne2 Ng6 10. h4 Nd7 11. h5 Ndxe5 12. Qg3 Nxd3+ 13. cxd3 Ne7 14. Qxg7
Rg8 15. Qxd4 Bd7 16. Bf4 O-O-O 17. O-O Nc6 18. Qf6 e5 19. Bh2 Qc5 20. d4 Qc4
21. Rfe1 Rde8 22. dxe5 Qg4 23. Bg3 Rxe5 24. Nd4 Rxe1+ 25. Rxe1 Re8 26. Rxe8+
Bxe8 27. Nf5 Qd1+ 28. Kh2 Qxh5+ 29. Nh4 Qg4 30. f3 Qe6 31. Qf4 Qd7 32. Nf5 Kd8
33. Bh4+ 1-0

[Event "4NCL Division 2c"]
[Site "Telford, ENG"]
[Date "2017.04.30"]
[Round "10.23"]
[White "Bucher, Grant W"]
[Black "McKay, Roderick M"]
[Result "1/2-1/2"]
[WhiteElo "2121"]
[BlackElo "2332"]
[PlyCount "57"]
[EventDate "2017.04.30"]
[WhiteTeam "Sussex Martlets 1"]
[BlackTeam "Alba"]

1. e4 d6 2. d4 Nf6 3. Nc3 e5 4. dxe5 dxe5 5. Qxd8+ Kxd8 6. Bc4 Be6 7. Bxe6 fxe6
8. Be3 Bb4 9. f3 Bxc3+ 10. bxc3 Nbd7 11. Nh3 h6 12. Rb1 b6 13. Ke2 Ke7 14. Nf2
Ne8 15. Bc1 Nd6 16. Rd1 Rad8 17. Ng4 Nf7 18. a4 Nb8 19. Ba3+ Ke8 20. Rd3 Rd7
21. a5 Kd8 22. c4 Nc6 23. axb6 cxb6 24. c5 Rxd3 25. Kxd3 Kd7 26. cxb6 axb6 27.
c3 Ra8 28. Bc1 Nd6 29. Be3 1/2-1/2

[Event "4NCL Division 2c"]
[Site "Telford, ENG"]
[Date "2017.04.30"]
[Round "10.24"]
[White "Berry, Neil"]
[Black "Willson, Ollie"]
[Result "1-0"]
[WhiteElo "2297"]
[BlackElo "2038"]
[PlyCount "67"]
[EventDate "2017.04.30"]
[WhiteTeam "Alba"]
[BlackTeam "Sussex Martlets 1"]

1. d4 Nf6 2. c4 e6 3. g3 Bb4+ 4. Bd2 Qe7 5. Nf3 Nc6 6. Nc3 Bxc3 7. Bxc3 Ne4 8.
Rc1 d6 9. d5 Nxc3 10. Rxc3 Nd8 11. Bg2 O-O 12. O-O e5 13. Nd2 b6 14. b4 Nb7 15.
Qc2 Bg4 16. Nb3 a5 17. c5 bxc5 18. bxc5 a4 19. cxd6 cxd6 20. Nd2 Rfc8 21. Nc4
Rc5 22. h3 Bd7 23. Rb1 Bb5 24. Nxe5 Rxc3 25. Qxc3 Bxe2 26. Nc6 Qd7 27. Re1 Re8
28. Nd4 Ba6 29. Rxe8+ Qxe8 30. Nf5 f6 31. Qc7 Qf8 32. Be4 Qf7 33. Qc8+ Qf8 34.
Ne7+ 1-0

[Event "4NCL Division 2c"]
[Site "Telford, ENG"]
[Date "2017.04.30"]
[Round "10.25"]
[White "Grant, David J"]
[Black "Minnican, Alan"]
[Result "1/2-1/2"]
[WhiteElo "2074"]
[BlackElo "2106"]
[PlyCount "32"]
[EventDate "2017.04.30"]
[WhiteTeam "Sussex Martlets 1"]
[BlackTeam "Alba"]

1. e4 d6 2. d4 Nf6 3. Nc3 Nbd7 4. f4 e5 5. Nf3 exd4 6. Qxd4 c6 7. Be3 d5 8.
exd5 Bc5 9. Qd3 Qe7 10. Kd2 O-O 11. Re1 cxd5 12. Nxd5 Nxd5 13. Qxd5 Bxe3+ 14.
Rxe3 Qb4+ 15. Kc1 Qxf4 16. Qd4 Qxd4 1/2-1/2

[Event "4NCL Division 2c"]
[Site "Telford, ENG"]
[Date "2017.04.30"]
[Round "10.26"]
[White "Findlay, David John"]
[Black "Norinkeviciute, Rasa"]
[Result "1-0"]
[WhiteElo "2183"]
[BlackElo "2005"]
[PlyCount "63"]
[EventDate "2017.04.30"]
[WhiteTeam "Alba"]
[BlackTeam "Sussex Martlets 1"]

1. e4 c5 2. Nf3 d6 3. d4 cxd4 4. Nxd4 Nf6 5. Nc3 a6 6. f4 Qc7 7. Bd3 e6 8. O-O
Be7 9. Kh1 b5 10. Qe2 Nbd7 11. Bd2 Bb7 12. a4 b4 13. Na2 a5 14. c3 bxc3 15.
Nxc3 O-O 16. Rae1 Rfe8 17. e5 Nd5 18. Qg4 Nf8 19. f5 dxe5 20. fxe6 f6 21. Bh6
Bb4 22. Ncb5 Qe7 23. Nf5 Bxe1 24. Nxe7+ Rxe7 25. Rxe1 Nxe6 26. Nd6 Ndf4 27.
Bxf4 Nxf4 28. Bc4+ Kf8 29. Nxb7 Rxb7 30. g3 Rb4 31. b3 Ng6 32. Qe6 1-0

[Event "4NCL Division 2c"]
[Site "Telford, ENG"]
[Date "2017.04.30"]
[Round "10.27"]
[White "Tebbs, Howard L"]
[Black "Bamber, Elaine"]
[Result "1/2-1/2"]
[WhiteElo "2063"]
[BlackElo "2103"]
[PlyCount "144"]
[EventDate "2017.04.30"]
[WhiteTeam "Sussex Martlets 1"]
[BlackTeam "Alba"]

1. d4 Nf6 2. Bf4 g6 3. Nf3 Bg7 4. e3 d6 5. h3 O-O 6. Be2 c5 7. Nbd2 b6 8. c3
Bb7 9. O-O Nbd7 10. Qc2 Rc8 11. Bh2 a6 12. a4 Nb8 13. Qb3 Ne4 14. Nxe4 Bxe4 15.
Nd2 Bb7 16. d5 Re8 17. Rad1 Nd7 18. e4 Rb8 19. Qc2 Nf6 20. f4 Bc8 21. Nf3 b5
22. axb5 axb5 23. b3 Qb6 24. Kh1 c4 25. Bg1 Qc7 26. b4 e6 27. dxe6 Bxe6 28. Nd4
Bd7 29. Bf3 Re7 30. Bh2 Ne8 31. Rfe1 Rb6 32. Qf2 Ra6 33. Ra1 Qa7 34. Rxa6 Qxa6
35. e5 dxe5 36. fxe5 Nc7 37. Qh4 Re8 38. Qf2 Bh6 39. Bg3 Qa3 40. Qc2 Ne6 41.
Nxe6 Bxe6 42. Re2 Bf5 43. Be4 Bxe4 44. Rxe4 Qc1+ 45. Qxc1 Bxc1 46. Bf2 Bd2 47.
Bd4 Re6 48. Kg1 Kf8 49. Kf2 Ra6 50. Re2 Bh6 51. Kf3 Ke7 52. Ke4 Ke6 53. Rf2 Bg7
54. g4 Ra1 55. Re2 Bh6 56. Be3 Bg7 57. Bf4 Bf8 58. Bg5 Rd1 59. Re3 Rd5 60. Bf6
h6 61. h4 Be7 62. Rf3 Rd1 63. g5 hxg5 64. hxg5 Rg1 65. Kf4 Bxf6 66. exf6 Re1
67. Rf2 Kd6 68. Rd2+ Ke6 69. Kf3 Re5 70. Rg2 Rf5+ 71. Kg4 Re5 72. Kf4 Re1
1/2-1/2

[Event "4NCL Division 2c"]
[Site "Telford, ENG"]
[Date "2017.04.30"]
[Round "10.28"]
[White "White, Stuart A"]
[Black "Graham, Cassie M"]
[Result "1-0"]
[WhiteElo "2064"]
[BlackElo "1874"]
[PlyCount "139"]
[EventDate "2017.04.30"]
[WhiteTeam "Alba"]
[BlackTeam "Sussex Martlets 1"]

1. d4 Nf6 2. c4 g6 3. Nc3 Bg7 4. e4 d6 5. Nf3 O-O 6. Be2 e5 7. d5 a5 8. Bg5 Na6
9. Nd2 Qe8 10. Be3 Qe7 11. a3 Bd7 12. O-O c6 13. dxc6 bxc6 14. Bb6 Nb8 15. b4
c5 16. Nd5 Nxd5 17. cxd5 cxb4 18. axb4 Bc8 19. bxa5 Ba6 20. Bxa6 Nxa6 21. Rc1
Rfc8 22. Qe2 Qb7 23. Nc4 Bf8 24. Rb1 Rab8 25. Rb2 Qa8 26. Rfb1 Nc5 27. Rb5 Qa6
28. f3 Na4 29. Qc2 Nc5 30. R5b4 Ra8 31. Rc1 Nb7 32. Qc3 Kg7 33. f4 f6 34. Qe3
Be7 35. Qh3 Nc5 36. fxe5 fxe5 37. Re1 Re8 38. Qc3 Rac8 39. Qe3 h6 40. Rf1 Rf8
41. Rxf8 Rxf8 42. Qe2 Qc8 43. Rb1 Rf4 44. Nd2 Na4 45. g3 Rf8 46. Qc4 Qxc4 47.
Nxc4 Nc3 48. Re1 Rc8 49. Nd2 Bg5 50. Nf3 Be7 51. Kf2 Rc4 52. Nd2 Ra4 53. Rc1
Ra3 54. Rc2 Kf7 55. Kg2 Nb5 56. Nc4 Ra4 57. Kf2 Ke8 58. Ke2 Kd7 59. Kd3 Na3 60.
Nxa3 Rxa3+ 61. Kc4 Bd8 62. Kb5 Rb3+ 63. Ka6 Bg5 64. Kb7 Bd8 65. Rc6 Bxb6 66.
Rxb6 Rc3 67. Rb2 Rc7+ 68. Kb6 Rc8 69. Ka7 Kd8 70. Rb8 1-0

[Event "4NCL Division 2c"]
[Site "Telford, ENG"]
[Date "2017.04.30"]
[Round "10.31"]
[White "Willis, Rupert"]
[Black "Ortega, Irvin"]
[Result "0-1"]
[WhiteElo "2179"]
[BlackElo "2320"]
[PlyCount "76"]
[EventDate "2017.04.30"]
[WhiteTeam "Grantham Sharks 2"]
[BlackTeam "Warwickshire Select 1"]

1. c4 g6 2. Nc3 Bg7 3. g3 d6 4. Bg2 e5 5. d3 f5 6. e4 Nc6 7. Nge2 Nf6 8. O-O
O-O 9. Nd5 Be6 10. Bg5 Qd7 11. Qd2 Kh8 12. Rad1 Ng8 13. b3 Rf7 14. Be3 Raf8 15.
d4 fxe4 16. Ndc3 Bg4 17. d5 Nce7 18. Nxe4 h6 19. Rde1 Bf3 20. N2c3 a6 21. c5 g5
22. Bxf3 Rxf3 23. Qe2 Ng6 24. Rc1 N8e7 25. cxd6 cxd6 26. Bxg5 hxg5 27. Nxg5 Qg4
28. Nxf3 Rxf3 29. Rc2 Nf5 30. Qe4 Nf4 31. Re1 Nd4 32. Nd1 Nxc2 33. Qxc2 Nh3+
34. Kg2 Ng5 35. Qg6 Rf6 36. Qe8+ Rf8 37. Qa4 Qh3+ 38. Kh1 Nf3 0-1

[Event "4NCL Division 2c"]
[Site "Telford, ENG"]
[Date "2017.04.30"]
[Round "10.32"]
[White "Pitcher, John"]
[Black "Birtwistle, Nigel"]
[Result "1/2-1/2"]
[WhiteElo "2222"]
[BlackElo "2163"]
[PlyCount "41"]
[EventDate "2017.04.30"]
[WhiteTeam "Warwickshire Select 1"]
[BlackTeam "Grantham Sharks 2"]

1. e4 c5 2. Nc3 g6 3. f4 Bg7 4. Nf3 a6 5. Be2 Nc6 6. O-O e6 7. d3 Nge7 8. Qe1
Nd4 9. Bd1 O-O 10. e5 d5 11. Qf2 Nec6 12. Nxd4 cxd4 13. Ne2 f6 14. Nxd4 fxe5
15. Nxc6 bxc6 16. Qc5 Qc7 17. fxe5 Qxe5 18. Bf3 Qd4+ 19. Be3 Qxc5 20. Bxc5 Rf7
21. d4 1/2-1/2

[Event "4NCL Division 2c"]
[Site "Telford, ENG"]
[Date "2017.04.30"]
[Round "10.33"]
[White "Kafka, Graeme"]
[Black "Thomas, Nicholas"]
[Result "1-0"]
[WhiteElo "2055"]
[BlackElo "2227"]
[PlyCount "79"]
[EventDate "2017.04.30"]
[WhiteTeam "Grantham Sharks 2"]
[BlackTeam "Warwickshire Select 1"]

1. e4 e6 2. d4 d5 3. e5 c5 4. c3 Nc6 5. Nf3 Qb6 6. a3 Nh6 7. b4 cxd4 8. cxd4
Nf5 9. Bb2 Bd7 10. g4 Nfe7 11. Nc3 Na5 12. Nd2 Rc8 13. Rc1 Ng6 14. h4 Qxd4 15.
bxa5 Nxe5 16. Be2 Qf4 17. Nb3 Nc4 18. Bxc4 Rxc4 19. Nd2 Rd4 20. Ne2 Re4 21.
Nxe4 Qxe4 22. Rg1 h5 23. Qd4 Qxd4 24. Bxd4 hxg4 25. Bxa7 Bxa3 26. Rb1 Bc6 27.
Rxg4 Bd6 28. Nd4 Bd7 29. Nb5 Be5 30. Bd4 f5 31. Bxe5 fxg4 32. Nd6+ Ke7 33. Nxb7
Rxh4 34. Kd2 g3 35. fxg3 Ra4 36. Ra1 Rxa1 37. Bxa1 Bc6 38. a6 g6 39. Be5 Kd7
40. Nc5+ 1-0

[Event "4NCL Division 2c"]
[Site "Telford, ENG"]
[Date "2017.04.30"]
[Round "10.34"]
[White "Mason, Donald J"]
[Black "Varnam, Liam D"]
[Result "1-0"]
[WhiteElo "2147"]
[BlackElo "2098"]
[PlyCount "87"]
[EventDate "2017.04.30"]
[WhiteTeam "Warwickshire Select 1"]
[BlackTeam "Grantham Sharks 2"]

1. Nf3 Nf6 2. g3 b6 3. Bg2 Bb7 4. O-O e6 5. b3 Be7 6. Bb2 O-O 7. c4 d6 8. d4
Nbd7 9. Nc3 c5 10. d5 exd5 11. Ne1 Qc8 12. cxd5 c4 13. b4 a5 14. b5 a4 15. Nc2
Ne8 16. Rc1 Bf6 17. Nd4 a3 18. Ba1 Ne5 19. h3 Nc7 20. Ne4 Be7 21. f4 Nxd5 22.
Qd2 Ng6 23. Nc6 Bxc6 24. Rxc4 Qd8 25. Rxc6 Nc7 26. Qc3 Ne8 27. Rd1 d5 28. f5
Nh8 29. Qe5 Nf6 30. Rxd5 Qb8 31. Qxb8 Raxb8 32. Bxf6 Bxf6 33. Nxf6+ gxf6 34.
Rdd6 Rfe8 35. Rxb6 Rxb6 36. Rxb6 Rxe2 37. Bd5 Re5 38. Rd6 Kf8 39. b6 Ke7 40. b7
Kxd6 41. b8=Q+ Kxd5 42. Qxh8 Re1+ 43. Kg2 Ra1 44. Qa8+ 1-0

[Event "4NCL Division 2c"]
[Site "Telford, ENG"]
[Date "2017.04.30"]
[Round "10.35"]
[White "David, Ivan"]
[Black "Stepanyan, Henrik"]
[Result "0-1"]
[WhiteElo "1891"]
[BlackElo "2192"]
[PlyCount "88"]
[EventDate "2017.04.30"]
[WhiteTeam "Grantham Sharks 2"]
[BlackTeam "Warwickshire Select 1"]

1. d4 Nf6 2. Bf4 g6 3. e3 Bg7 4. Be2 d6 5. Nf3 O-O 6. h3 c5 7. c3 Qa5 8. O-O
Nbd7 9. Nbd2 b5 10. a3 Bb7 11. Bh2 Qb6 12. Re1 Rfe8 13. a4 a6 14. Bf1 e5 15.
dxe5 dxe5 16. e4 Rac8 17. axb5 axb5 18. c4 b4 19. Qc2 h6 20. Ra2 Red8 21. Nb3
Nh7 22. Ra5 Bc6 23. Rea1 Nhf8 24. Ne1 Ra8 25. f3 Rxa5 26. Rxa5 Ra8 27. Rxa8
Bxa8 28. Bg3 Ne6 29. Nd3 Bc6 30. Bf2 Ba4 31. Ndc1 h5 32. Qd2 Kh7 33. Be3 Qc7
34. h4 Bxb3 35. Nxb3 Qc6 36. Qd5 Qa4 37. Nxc5 Ndxc5 38. Bxc5 Nf4 39. Qd2 Bh6
40. Be3 Qb3 41. Kf2 Bf8 42. c5 Ne6 43. Qc1 Qxe3+ 44. Kxe3 Bh6+ 0-1

[Event "4NCL Division 2c"]
[Site "Telford, ENG"]
[Date "2017.04.30"]
[Round "10.36"]
[White "Brooks, Phil J"]
[Black "Summerscale, Claire E"]
[Result "1-0"]
[WhiteElo "2187"]
[BlackElo "1876"]
[PlyCount "59"]
[EventDate "2017.04.30"]
[WhiteTeam "Warwickshire Select 1"]
[BlackTeam "Grantham Sharks 2"]

1. d4 d5 2. c4 e6 3. Nc3 Nf6 4. Bg5 Be7 5. e3 Nbd7 6. cxd5 exd5 7. Bd3 c6 8.
Nge2 O-O 9. Qc2 Re8 10. O-O Nf8 11. Rab1 Ng6 12. b4 b6 13. b5 Bb7 14. bxc6 Bxc6
15. Bf5 Nh5 16. Bxe7 Rxe7 17. Rfc1 Rc7 18. Ng3 Nxg3 19. hxg3 Bd7 20. Bd3 Kf8
21. Qb3 Be6 22. a4 Ne7 23. Nb5 Rc6 24. Qa3 Kg8 25. Rxc6 Nxc6 26. Rc1 Rc8 27.
Rc2 Qd7 28. Qd6 Qxd6 29. Nxd6 Rc7 30. Ba6 1-0

[Event "4NCL Division 2c"]
[Site "Telford, ENG"]
[Date "2017.04.30"]
[Round "10.37"]
[White "Ercsei, Estera-Alexandra"]
[Black "Shephard, Chris C W"]
[Result "0-1"]
[WhiteElo "1284"]
[BlackElo "2187"]
[PlyCount "46"]
[EventDate "2017.04.30"]
[WhiteTeam "Grantham Sharks 2"]
[BlackTeam "Warwickshire Select 1"]

1. g3 f5 2. d3 Nf6 3. Bg2 e5 4. b3 d5 5. Bb2 Nc6 6. Nd2 Bd6 7. e3 O-O 8. Ne2
Be6 9. O-O Qd7 10. f4 Ng4 11. fxe5 Nxe3 12. Qc1 Bxe5 13. Re1 Nxg2 14. Kxg2 Bxb2
15. Qxb2 d4 16. Nf4 Bd5+ 17. Kg1 g5 18. Ne2 f4 19. Nxd4 fxg3 20. hxg3 Qh3 21.
N4f3 Qxg3+ 22. Kh1 Rxf3 23. Nxf3 Bxf3# 0-1

[Event "4NCL Division 2c"]
[Site "Telford, ENG"]
[Date "2017.04.30"]
[Round "10.38"]
[White "Phillips, David"]
[Black "Ercsei, Iolanda-Elisabeta"]
[Result "1-0"]
[WhiteElo "1834"]
[BlackElo "1269"]
[PlyCount "63"]
[EventDate "2017.04.30"]
[WhiteTeam "Warwickshire Select 1"]
[BlackTeam "Grantham Sharks 2"]

1. d4 g6 2. Bf4 Bg7 3. e4 d6 4. c3 Nf6 5. Nd2 O-O 6. Be2 b6 7. Bf3 c6 8. h4 h5
9. Qe2 a5 10. Qe3 Kh7 11. Nh3 Bxh3 12. Rxh3 Nbd7 13. Qe2 e5 14. dxe5 Nxe5 15.
Bxe5 dxe5 16. O-O-O Bh6 17. Kc2 Qc7 18. g4 Qc8 19. Rg3 Bf4 20. Rg2 Qa6 21. Qxa6
Rxa6 22. g5 Ne8 23. Be2 b5 24. a4 Nc7 25. Nb3 Ra7 26. Nc5 bxa4 27. Nxa4 Nb5 28.
Rd3 Raa8 29. Rg1 Rad8 30. Rgd1 Nc7 31. Rxd8 Rxd8 32. Rxd8 1-0

[Event "4NCL Division 2c"]
[Site "Telford, ENG"]
[Date "2017.04.30"]
[Round "10.41"]
[White "Richardson, John R"]
[Black "Bisby, Daniel L"]
[Result "0-1"]
[WhiteElo "2282"]
[BlackElo "2293"]
[PlyCount "134"]
[EventDate "2017.04.30"]
[WhiteTeam "The ADs"]
[BlackTeam "Cambridge University 1"]

1. Nf3 Nf6 2. d4 d5 3. c4 e6 4. Nc3 Be7 5. cxd5 exd5 6. Qc2 c6 7. Bg5 Nbd7 8.
e3 Nh5 9. Bxe7 Qxe7 10. Bd3 Nf4 11. Bf1 Nh5 12. O-O-O Nb6 13. Bd3 Be6 14. Kb1
Nf6 15. h3 O-O-O 16. Na4 Nxa4 17. Qxa4 Kb8 18. Rc1 Ne4 19. Bxe4 dxe4 20. Nd2
Qg5 21. g4 h5 22. gxh5 Rxh5 23. Ka1 Qg2 24. Qa3 Bd5 25. Qe7 Qg5 26. Qb4 Qf6 27.
Rcf1 Qe6 28. b3 Rxh3 29. Rxh3 Qxh3 30. Qe7 Qd7 31. Qe5+ Qc7 32. Qxg7 Qa5 33.
Qe5+ Ka8 34. Nxe4 f6 35. Qf5 Re8 36. f3 Qa6 37. Rc1 Bxb3 38. Nc3 Be6 39. Qxf6
Qa3 40. Kb1 Bc4 41. Qf5 a6 42. Qc2 Rxe3 43. Qb2 Qxb2+ 44. Kxb2 Rxf3 45. Rd1
Rf2+ 46. Kb1 Ka7 47. a3 Bb3 48. Rg1 Rd2 49. Rg4 a5 50. Rh4 b5 51. Rh3 a4 52.
Rh7+ Kb6 53. Rd7 b4 54. axb4 a3 55. d5 a2+ 56. Ka1 Rc2 57. Nxa2 Rxa2+ 58. Kb1
cxd5 59. Rd8 Rf2 60. Rb8+ Kc7 61. Rh8 Rf4 62. Kb2 Rxb4 63. Kc3 Rb5 64. Kd4 Bc4
65. Rh6 Rb6 66. Rh7+ Kc6 67. Rh1 Rb2 0-1

[Event "4NCL Division 2c"]
[Site "Telford, ENG"]
[Date "2017.04.30"]
[Round "10.42"]
[White "Eckersley-Waites, Adam"]
[Black "Wheeler, Darren P"]
[Result "0-1"]
[WhiteElo "2270"]
[BlackElo "2260"]
[PlyCount "72"]
[EventDate "2017.04.30"]
[WhiteTeam "Cambridge University 1"]
[BlackTeam "The ADs"]

1. e4 e6 2. d4 d5 3. Nc3 Bb4 4. e5 c5 5. a3 Bxc3+ 6. bxc3 Ne7 7. Qg4 Qc7 8.
Qxg7 Rg8 9. Qxh7 cxd4 10. Ne2 Nbc6 11. f4 Bd7 12. Qd3 dxc3 13. Nxc3 a6 14. Rb1
Na5 15. h4 Nf5 16. Rh3 O-O-O 17. h5 Nc4 18. Qe2 Rg3 19. Rxg3 Nxg3 20. Qg4 Nf5
21. Qe2 Nxa3 22. Rb3 Nd4 23. Bxa3 Nxe2 24. Bxe2 Bc6 25. g4 d4 26. Nd1 Be4 27.
Bd3 Bxd3 28. Rxd3 Qxc2 29. Nf2 b5 30. Be7 Qc1+ 31. Ke2 Qxf4 32. Bxd8 Qxe5+ 33.
Kd1 Kxd8 34. Rh3 Qf4 35. Ke2 Ke7 36. h6 d3+ 0-1